| 000 | 00348nam a2200133Ia 4500 | ||
|---|---|---|---|
| 008 | 220216s9999 xx 000 0 und d | ||
| 245 | 0 | _aRRIM 700 series clones trials (Fourth selection) first report | |
| 260 |
_bPlanters Bulletin _c1976 |
||
| 300 | _a50-53 | ||
| 650 | _aDisease | ||
| 650 | _aPink disease | ||
| 650 | _aWind damage | ||
| 942 | _cJS | ||
| 999 |
_c67331 _d67331 |
||